000 00845cab a2200229 4500
001 X91740
008 090401t1998 xxu||||| |||| 00| 0 eng d
035 _a(Sirsi) u86239
041 _aeng
245 _aGarden centre
260 _c1998
350 _a0
490 _aEstates Gazette
_v[1998] EGCS 71 (09/05/1998)
520 _a"Haskins Garden Centres Lyd v east Dorset DC" QBD 27 April 1998. Garden centre convicted for opening part of shop for trade on Easter Sunday - Sunday trading Act 1994 - whether `large shop` to be assessed by reference to part open on Easter Sunday or part normally open. Appeal dismissed.
650 _aGARDEN CENTRES
650 _aHASKINS GARDEN CENTRES LTD V EAST DORSET DC
650 _aLARGE SHOP
650 _aSUNDAY TRADING ACT 1994
690 _aLAW-CASE LAW
942 _n0
948 _c15/05/1998
999 _c54253
_d54253